مكتبة جامعة عجلون الوطنية

فهرس بحث المكتبة

تعليم الكبار في القطاع الزراعي = ADULT EDUCATION IN AGRICULTURAL SECTOR / (Record no. 33198)

MARC details
000 -LEADER
fixed length control field 00915nam a22002177a 4500
003 - CONTROL NUMBER IDENTIFIER
control field JO-AjAnu
005 - DATE AND TIME OF LATEST TRANSACTION
control field 20231129122902.0
008 - FIXED-LENGTH DATA ELEMENTS--GENERAL INFORMATION
fixed length control field 231129b jo ||||| |||| 00| 0 ara d
020 ## - INTERNATIONAL STANDARD BOOK NUMBER
International Standard Book Number 9789957026585
040 ## - CATALOGING SOURCE
Original cataloging agency JO-AjAnu
Language of cataloging ARA
Transcribing agency JO-AjAnu
Modifying agency JO-AjAnu
041 #0 - LANGUAGE CODE
Language code of text/sound track or separate title ARA
Language code of original ARA
050 ## - LIBRARY OF CONGRESS CALL NUMBER
Classification number S544
Item number 2020
100 ## - MAIN ENTRY--PERSONAL NAME
Personal name العباسي، عامل فاضل خليل
9 (RLIN) 64547
Relator term مؤلف
245 #0 - TITLE STATEMENT
Title تعليم الكبار في القطاع الزراعي = ADULT EDUCATION IN AGRICULTURAL SECTOR /
Statement of responsibility, etc. عامل فاضل خليل العباسي
250 ## - EDITION STATEMENT
Edition statement الطبعة الاولى
260 ## - PUBLICATION, DISTRIBUTION, ETC.
Place of publication, distribution, etc. عمان :
Name of publisher, distributor, etc. دار مجدلاوي للنشر والتوزيع،
Date of publication, distribution, etc. 2020
300 ## - PHYSICAL DESCRIPTION
Extent 268 صفحة
500 ## - GENERAL NOTE
General note يحتوي على قائمة بالمصادر باللغتين العربية والانجليزية
650 40 - SUBJECT ADDED ENTRY--TOPICAL TERM
Topical term or geographic name entry element التعليم الزراعي
9 (RLIN) 64550
Form subdivision التعليم الزراعي
942 ## - ADDED ENTRY ELEMENTS (KOHA)
Source of classification or shelving scheme Library of Congress Classification
Koha item type Books
Suppress in OPAC No
Holdings
Withdrawn status Lost status Source of classification or shelving scheme Damaged status Not for loan Home library Current library Date acquired Total Checkouts Full call number Barcode Date last seen Price effective from Koha item type
    Library of Congress Classification     مكتبة جامعة عجلون الوطنية مكتبة جامعة عجلون الوطنية 29/11/2023   S544 2020 A29657 29/11/2023 29/11/2023 Books
    Library of Congress Classification     مكتبة جامعة عجلون الوطنية مكتبة جامعة عجلون الوطنية 29/11/2023   S544 2020 A29656 29/11/2023 29/11/2023 Books